Bratislavský nájomný trh stagnuje, potenciál sa skrýva v regiónoch

Rast nákladov na bývanie robí z prenájmu bytov menej výnosný biznis. Prenajímatelia bytov si nárast nákladov do ceny prenájmu preniesť nemôžu, čím sa znižuje výnosnosť nájomného biznisu. Platí to hlavne pre Bratislavu, kde je tento biznis najrozvinutejší. Problém ceny za prenájom. Zvýšenie potenciál...

Description complète

Enregistré dans:
Détails bibliographiques
Auteur principal: Sedlák, Miro
Format: Chapitre de livre
Langue:slovaque
Sujets:
Tags: Ajouter un tag
Pas de tags, Soyez le premier à ajouter un tag!

MARC

LEADER 00000naa$a2200000$$$4500
001 0025783
005 20231009081043.1
041 0 |a slo 
044 |a SK 
245 1 0 |a Bratislavský nájomný trh stagnuje, potenciál sa skrýva v regiónoch  |c Miro Sedlák 
520 |a Rast nákladov na bývanie robí z prenájmu bytov menej výnosný biznis. Prenajímatelia bytov si nárast nákladov do ceny prenájmu preniesť nemôžu, čím sa znižuje výnosnosť nájomného biznisu. Platí to hlavne pre Bratislavu, kde je tento biznis najrozvinutejší. Problém ceny za prenájom. Zvýšenie potenciálu regiónov. Daňové úniky pri prenájme bytov. 
610 2 0 |a byty 
610 2 0 |a prenájom 
610 2 0 |a bývanie 
610 2 0 |a náklady 
610 2 0 |a náklady a ceny 
610 2 0 |a únik daňový 
610 2 0 |a regióny 
610 2 0 |a Bratislava 
100 1 |a Sedlák, Miro